00358nam a2200157Ia 45000010006000000050017000060080041000230410008000640820021000721000024000932450026001172600009001433000032001526500008001846540008001921343720260306164801.0260306t2014||||xx |||||||||||||| ||spa|| aESP a004.16bB82 2014 aBrey, Barry B.eAUT 0aIntel microprocessors c2014 aii, 928 páginas :c27 cm. aGEN aCHU